Méchant Disney par leurs crimes - Statistiques

Statistiques générales
  • Ce quiz a été pris 173 fois
  • Le résultat moyen est 11 sur 20
Statistiques - réponses
Crimes Méchants % Correct
A jeté une malédiction à un bébé Maléfique
89%
Veut faire de petits chiens innocents des manteaux de fourrures Cruella
88%
Veut tuer le sultan pour prendre sa place Jafar
82%
Veut être le chef de tout les animaux et à tuer son frère Scar
80%
A volé la voix d'une sirène Ursula
78%
A voulu empoisonner une jeune fille car elle était plus belle qu'elle Reine Grimhilde
74%
Veut tuer une bête ainsi que le père d'une belle jeune fille Gaston
73%
Veut se venger d'un petit garçon qui lui aurait coupé sa main Capitaine crochet
71%
Coupe la tête des personnes qui font quelque chose qui lui déplait La reine de cœur
71%
Séquestre une jeune fille dans une tour Mère Gothel
57%
Veut tuer tout les humains qui mettraient le pied dans la jungle Shere Khan
44%
Veut kidnapper des chatons innocents Edgar
43%
Sorcier maléfique qui complote pour diriger la Nouvelle-Orléans Le docteur Facilier
40%
Est le meurtrier semi-involontaire d'une mère gitane Claude Frollo
38%
Est obsédée par le meurtre d'un empereur Yzma
32%
Manipule une reine et une princesse Hans
31%
Exploite sa belle fille dans sa maison Madame de Trémaine
30%
Veut tuer un homme mi-homme, mi-singe, ainsi que tout les singes de la forêts dans laquelle il a grandi Clayton
29%
Empêche les gens de son domaine de le quitter Hadès
18%
A été arrêté pour le meurtre supposé d'un guerrier Powhatan John Ratcliffe
7%
Aucun quiz correspondant
Distribution des résultats
% des personnes avec chaque résultat
Percentile par nombre de réponses
Votre historique - résultats
Vous n’avez pas pris ce quiz